[Event "DVM U16w 2024"]
[Site "Neumünster GER"]
[Date "2024.12.28"]
[Round "4"]
[White "Schmidt, Neele"]
[Black "Funke, Luise"]
[Result "1-0"]
[Termination "normal"]
[Board "5.4"]
[WhiteElo "927"]
[BlackElo "1491"]
[WhiteClock "00:47:54"]
[BlackClock "00:03:46"]
[WhiteTeam "SV Stuttgart-Wolfbusch 1956"]
[BlackTeam "Schachzwerge Magdeburg"]
[PlyCount "79"]
[BlackFideId "34623752"]
[EventCountry "GER"]
[EventRounds "7"]
[EventType "team-swiss"]
[EventDate "2024.12.26"]

1. e4 {[%clk 01:30:59]} {[%emt 00:00:01]} e5 {[%clk 01:30:53]} {[%emt
00:00:07]} 2. Nf3 {[%clk 01:31:23]} {[%emt 00:00:06]} Nc6 {[%clk 01:31:17]}
{[%emt 00:00:06]} 3. Bc4 {[%clk 01:31:43]} {[%emt 00:00:10]} Bc5 {[%clk
01:31:39]} {[%emt 00:00:08]} 4. O-O {[%clk 01:31:59]} {[%emt 00:00:15]} Nf6
{[%clk 01:31:58]} {[%emt 00:00:10]} 5. d3 {[%clk 01:32:18]} {[%emt 00:00:11]}
d6 {[%clk 01:32:15]} {[%emt 00:00:12]} 6. Nbd2 {[%clk 01:32:34]} {[%emt
00:00:15]} Bg4 {[%clk 01:32:13]} {[%emt 00:00:31]} 7. c3 {[%clk 01:32:52]}
{[%emt 00:00:14]} Qd7 {[%clk 01:31:35]} {[%emt 00:01:07]} 8. h3 {[%clk
01:30:48]} {[%emt 00:02:35]} Bh5 {[%clk 01:31:54]} {[%emt 00:00:09]} 9. b4
{[%clk 01:30:39]} {[%emt 00:00:39]} Bb6 {[%clk 01:32:08]} {[%emt 00:00:16]} 10.
a4 {[%clk 01:30:52]} {[%emt 00:00:18]} a6 {[%clk 01:32:29]} {[%emt 00:00:08]}
11. a5 {[%clk 01:30:43]} {[%emt 00:00:40]} Ba7 {[%clk 01:32:49]} {[%emt
00:00:10]} 12. Qa4 {[%clk 01:30:15]} {[%emt 00:00:58]} O-O {[%clk 01:29:12]}
{[%emt 00:04:07]} 13. b5 {[%clk 01:30:04]} {[%emt 00:00:41]} axb5 {[%clk
01:26:04]} {[%emt 00:03:38]} 14. Bxb5 {[%clk 01:30:00]} {[%emt 00:00:33]} Rfe8
{[%clk 01:20:07]} {[%emt 00:06:27]} 15. a6 {[%clk 01:24:55]} {[%emt 00:05:35]}
Re6 {[%clk 01:16:57]} {[%emt 00:03:40]} 16. axb7 {[%clk 01:21:54]} {[%emt
00:03:31]} Bxf2+ {[%clk 01:16:18]} {[%emt 00:01:10]} 17. Rxf2 {[%emt 00:01:49]}
Rxa4 {[%clk 01:16:36]} {[%emt 00:00:06]} 18. Bxc6 {[%clk 01:18:21]} {[%emt
00:02:50]} Qxc6 {[%clk 01:16:54]} {[%emt 00:00:12]} 19. b8=Q+ {[%clk 01:17:26]}
{[%emt 00:01:24]} Re8 {[%clk 01:17:05]} {[%emt 00:00:20]} 20. Qb2 {[%clk
01:15:14]} {[%emt 00:02:42]} Bg6 {[%clk 01:10:25]} {[%emt 00:07:09]} 21. Rxa4
{[%clk 01:09:56]} {[%emt 00:05:48]} Qxa4 {[%clk 01:10:36]} {[%emt 00:00:20]}
22. Qb3 {[%clk 01:09:02]} {[%emt 00:01:24]} Qd7 {[%clk 01:10:00]} {[%emt
00:01:06]} 23. Nh4 {[%clk 01:01:39]} {[%emt 00:07:53]} Nh5 {[%clk 00:50:45]}
{[%emt 00:19:44]} 24. Nxg6 {[%clk 00:59:11]} {[%emt 00:02:59]} hxg6 {[%clk
00:51:00]} {[%emt 00:00:15]} 25. Nf3 {[%clk 00:57:27]} {[%emt 00:02:13]} Re6
{[%clk 00:46:13]} {[%emt 00:05:17]} 26. Ng5 {[%clk 00:55:48]} {[%emt 00:02:09]}
Re7 {[%clk 00:44:53]} {[%emt 00:01:50]} 27. d4 {[%clk 00:54:40]} {[%emt
00:01:38]} Nf6 {[%clk 00:42:42]} {[%emt 00:02:41]} 28. Re2 {[%clk 00:54:12]}
{[%emt 00:00:58]} c6 {[%clk 00:27:13]} {[%emt 00:15:59]} 29. Ba3 {[%clk
00:53:14]} {[%emt 00:01:28]} Re8 {[%clk 00:24:16]} {[%emt 00:03:27]} 30. Qa4
{[%clk 00:52:10]} {[%emt 00:01:34]} Qc7 {[%clk 00:18:24]} {[%emt 00:06:23]} 31.
Bb4 {[%clk 00:50:22]} {[%emt 00:02:18]} Rd8 {[%clk 00:17:05]} {[%emt 00:01:49]}
32. Ba5 {[%clk 00:50:32]} {[%emt 00:00:20]} Ra8 {[%clk 00:15:23]} {[%emt
00:02:09]} 33. Bxc7 {[%clk 00:50:26]} {[%emt 00:00:38]} Rxa4 {[%clk 00:15:44]}
{[%emt 00:00:09]} 34. dxe5 {[%clk 00:50:06]} {[%emt 00:00:50]} dxe5 {[%clk
00:12:29]} {[%emt 00:03:46]} 35. Bxe5 {[%clk 00:50:08]} {[%emt 00:00:28]} Nh5
{[%clk 00:10:35]} {[%emt 00:02:24]} 36. Bd4 {[%clk 00:50:04]} {[%emt 00:00:34]}
Ra5 {[%clk 00:08:57]} {[%emt 00:02:08]} 37. Nf3 {[%clk 00:49:35]} {[%emt
00:00:58]} Nf4 {[%clk 00:05:53]} {[%emt 00:03:34]} 38. Re3 {[%clk 00:48:57]}
{[%emt 00:01:08]} Ra2 {[%clk 00:05:06]} {[%emt 00:01:18]} 39. Ne1 {[%clk
00:48:36]} {[%emt 00:00:50]} Ne6 {[%clk 00:03:46]} {[%emt 00:01:48]} 40. Nf3
{[%clk 00:47:54]} {[%emt 00:01:13]} 1-0

[Event "DVM U16w 2024"]
[Site "Neumünster GER"]
[Date "2024.12.28"]
[Round "4"]
[White "Shynkar, Daria"]
[Black "Modali, Nikhilamrutha"]
[Result "1-0"]
[Termination "normal"]
[Board "6.1"]
[WhiteElo "1685"]
[BlackElo "1640"]
[WhiteClock "00:47:35"]
[BlackClock "00:21:30"]
[WhiteTeam "SchachAkademiePaderborn"]
[BlackTeam "Hamburger SK 1830"]
[PlyCount "101"]
[WhiteFideId "34163212"]
[BlackFideId "16282370"]
[EventCountry "GER"]
[EventRounds "7"]
[EventType "team-swiss"]
[EventDate "2024.12.26"]

1. d4 {[%clk 01:30:59]} f5 {[%clk 01:30:54]} {[%emt 00:00:07]} 2. g3 {[%emt
00:00:09]} Nf6 {[%clk 01:31:20]} {[%emt 00:00:01]} 3. Bg2 {[%clk 01:31:44]}
{[%emt 00:00:08]} g6 {[%clk 01:31:45]} {[%emt 00:00:06]} 4. Nf3 {[%clk
01:31:58]} {[%emt 00:00:15]} Bg7 {[%clk 01:31:53]} {[%emt 00:00:22]} 5. O-O
{[%clk 01:31:53]} {[%emt 00:00:35]} O-O {[%clk 01:32:16]} {[%emt 00:00:08]} 6.
c4 {[%clk 01:27:10]} {[%emt 00:05:12]} d6 {[%clk 01:31:00]} {[%emt 00:01:46]}
7. Nc3 {[%clk 01:26:59]} {[%emt 00:00:41]} c6 {[%clk 01:31:20]} {[%emt
00:00:10]} 8. e3 {[%clk 01:24:43]} {[%emt 00:02:46]} Qe8 {[%clk 01:29:01]}
{[%emt 00:02:50]} 9. b3 {[%clk 01:21:04]} {[%emt 00:04:08]} e5 {[%clk
01:26:11]} {[%emt 00:03:20]} 10. Ba3 {[%clk 01:19:52]} {[%emt 00:01:42]} e4
{[%clk 01:20:27]} {[%emt 00:06:14]} 11. Ne1 {[%clk 01:17:55]} {[%emt 00:02:27]}
Qe6 {[%clk 01:10:41]} {[%emt 00:10:16]} 12. Nc2 {[%clk 01:14:52]} {[%emt
00:03:32]} Rf7 {[%clk 01:07:41]} {[%emt 00:03:32]} 13. Rc1 {[%clk 01:11:41]}
{[%emt 00:03:40]} b6 {[%clk 01:02:54]} {[%emt 00:05:17]} 14. Ne2 {[%clk
01:08:49]} {[%emt 00:03:22]} d5 {[%clk 00:55:38]} {[%emt 00:07:47]} 15. Nf4
{[%clk 01:08:52]} {[%emt 00:00:26]} Qe8 {[%clk 00:55:43]} {[%emt 00:00:24]} 16.
cxd5 {[%clk 01:08:55]} {[%emt 00:00:27]} cxd5 {[%clk 00:55:56]} {[%emt
00:00:18]} 17. Nb4 {[%clk 01:08:00]} {[%emt 00:01:25]} Bb7 {[%clk 00:56:17]}
{[%emt 00:00:09]} 18. Qd2 {[%clk 01:07:00]} {[%emt 00:01:27]} Na6 {[%clk
00:52:48]} {[%emt 00:04:03]} 19. Nxa6 {[%clk 01:06:49]} {[%emt 00:00:40]} Bxa6
{[%clk 00:53:10]} {[%emt 00:00:08]} 20. Rfd1 {[%clk 01:06:49]} {[%emt
00:00:27]} Rc8 {[%clk 00:52:42]} {[%emt 00:01:01]} 21. Rc3 {[%clk 01:04:39]}
{[%emt 00:02:36]} Rfc7 {[%clk 00:49:11]} {[%emt 00:04:05]} 22. Rdc1 {[%clk
01:04:52]} {[%emt 00:00:16]} Qd7 {[%clk 00:46:47]} {[%emt 00:02:55]} 23. Bf1
{[%clk 01:01:09]} {[%emt 00:04:13]} Bxf1 {[%clk 00:37:50]} {[%emt 00:09:27]}
24. Kxf1 {[%clk 01:01:35]} {[%emt 00:00:03]} Rxc3 {[%clk 00:36:31]} {[%emt
00:01:49]} 25. Rxc3 {[%clk 01:01:57]} {[%emt 00:00:09]} g5 {[%clk 00:34:06]}
{[%emt 00:02:55]} 26. Ne2 {[%clk 00:59:56]} {[%emt 00:02:31]} Bf8 {[%clk
00:22:46]} {[%emt 00:11:50]} 27. Bxf8 {[%clk 00:59:53]} {[%emt 00:00:33]} Rxf8
{[%clk 00:22:58]} {[%emt 00:00:18]} 28. Qc2 {[%clk 00:57:14]} {[%emt 00:03:07]}
Rf7 {[%clk 00:17:56]} {[%emt 00:05:34]} 29. Kg2 {[%clk 00:50:13]} {[%emt
00:07:29]} Nh5 {[%clk 00:16:04]} {[%emt 00:02:23]} 30. Qc1 {[%clk 00:46:16]}
{[%emt 00:04:25]} f4 {[%clk 00:11:50]} {[%emt 00:04:46]} 31. exf4 {[%clk
00:45:54]} {[%emt 00:00:53]} Qb5 {[%clk 00:10:31]} {[%emt 00:01:49]} 32. Qd2
{[%clk 00:43:58]} {[%emt 00:02:23]} g4 {[%clk 00:08:27]} {[%emt 00:02:37]} 33.
a4 {[%clk 00:41:51]} {[%emt 00:02:37]} Qd7 {[%clk 00:08:37]} {[%emt 00:00:20]}
34. Qc2 {[%clk 00:40:04]} {[%emt 00:02:16]} Ng7 {[%clk 00:07:53]} {[%emt
00:01:15]} 35. Rc8+ {[%clk 00:37:21]} {[%emt 00:03:12]} Rf8 {[%clk 00:08:12]}
{[%emt 00:00:12]} 36. Rxf8+ {[%emt 00:00:29]} Kxf8 {[%clk 00:08:34]} {[%emt
00:00:06]} 37. Qc3 {[%clk 00:35:08]} {[%emt 00:02:44]} h5 {[%clk 00:07:24]}
{[%emt 00:01:42]} 38. Qb4+ {[%clk 00:34:33]} {[%emt 00:01:04]} Kf7 {[%clk
00:07:09]} {[%emt 00:00:45]} 39. Kf1 {[%clk 00:27:29]} {[%emt 00:07:34]} Nf5
{[%clk 00:06:16]} {[%emt 00:01:23]} 40. Qc3 {[%clk 00:26:37]} {[%emt 00:01:19]}
Qd6 {[%clk 00:00:44]} {[%emt 00:06:05]} 41. Qc8 {[%clk 00:24:43]} {[%emt
00:02:24]} Ne7 {[%clk 00:01:06]} {[%emt 00:00:08]} 42. Qh8 {[%clk 00:23:17]}
{[%emt 00:01:55]} Kg6 {[%clk 00:27:52]} {[%emt 00:03:43]} 43. Qe8+ {[%clk
00:50:13]} {[%emt 00:03:34]} Kh6 {[%clk 00:26:35]} {[%emt 00:01:49]} 44. Qf8+
{[%clk 00:50:20]} {[%emt 00:00:17]} Kg6 {[%clk 00:23:58]} {[%emt 00:03:13]} 45.
f5+ {[%clk 00:49:07]} {[%emt 00:01:43]} Kg5 {[%clk 00:24:16]} {[%emt 00:00:11]}
46. Nf4 {[%clk 00:47:04]} {[%emt 00:02:34]} Nxf5 {[%clk 00:22:57]} {[%emt
00:01:50]} 47. Qg8+ {[%clk 00:46:40]} {[%emt 00:00:52]} Kh6 {[%clk 00:21:22]}
{[%emt 00:02:06]} 48. Qh8+ {[%clk 00:46:41]} {[%emt 00:00:28]} Kg5 {[%clk
00:21:39]} {[%emt 00:00:15]} 49. Qxh5+ {[%clk 00:47:02]} {[%emt 00:00:09]} Kf6
{[%clk 00:21:27]} {[%emt 00:00:42]} 50. Qg6+ {[%clk 00:47:20]} {[%emt
00:00:10]} Ke7 {[%clk 00:21:30]} {[%emt 00:00:26]} 51. Qxf5 {[%clk 00:47:35]}
{[%emt 00:00:17]} 1-0

[Event "DVM U16w 2024"]
[Site "Neumünster GER"]
[Date "2024.12.28"]
[Round "4"]
[White "Krasikova, Milana"]
[Black "Gruber, Florentine"]
[Result "0-1"]
[Termination "normal"]
[Board "6.2"]
[WhiteElo "1561"]
[BlackElo "1539"]
[WhiteClock "00:54:39"]
[BlackClock "00:19:07"]
[WhiteTeam "Hamburger SK 1830"]
[BlackTeam "SchachAkademiePaderborn"]
[PlyCount "84"]
[WhiteFideId "16287347"]
[BlackFideId "34605711"]
[EventCountry "GER"]
[EventRounds "7"]
[EventType "team-swiss"]
[EventDate "2024.12.26"]

1. e4 {[%clk 01:30:59]} e6 {[%clk 01:30:56]} {[%emt 00:00:05]} 2. d4 {[%clk
01:31:25]} {[%emt 00:00:04]} d5 {[%clk 01:31:21]} {[%emt 00:00:04]} 3. e5
{[%clk 01:31:50]} {[%emt 00:00:06]} c5 {[%clk 01:31:34]} {[%emt 00:00:17]} 4.
c3 {[%clk 01:32:08]} {[%emt 00:00:12]} Qb6 {[%clk 01:31:52]} {[%emt 00:00:11]}
5. Nf3 {[%clk 01:31:37]} {[%emt 00:01:02]} Nc6 {[%clk 01:32:02]} {[%emt
00:00:20]} 6. a3 {[%clk 01:31:47]} {[%emt 00:00:20]} c4 {[%clk 01:31:48]}
{[%emt 00:00:43]} 7. Nbd2 {[%clk 01:31:58]} {[%emt 00:00:19]} Na5 {[%clk
01:31:40]} {[%emt 00:00:38]} 8. Rb1 {[%clk 01:31:52]} {[%emt 00:00:37]} Qc7
{[%clk 01:30:34]} {[%emt 00:01:35]} 9. Be2 {[%clk 01:31:24]} {[%emt 00:00:58]}
Bd7 {[%clk 01:30:19]} {[%emt 00:00:46]} 10. O-O {[%clk 01:31:13]} {[%emt
00:00:40]} Ne7 {[%clk 01:27:55]} {[%emt 00:02:54]} 11. Re1 {[%clk 01:31:00]}
{[%emt 00:00:43]} Nc8 {[%clk 01:26:11]} {[%emt 00:02:14]} 12. Nf1 {[%clk
01:30:49]} {[%emt 00:00:41]} Nb6 {[%clk 01:25:12]} {[%emt 00:01:30]} 13. Bf4
{[%clk 01:28:46]} {[%emt 00:02:33]} h6 {[%clk 01:22:06]} {[%emt 00:03:35]} 14.
h3 {[%clk 01:26:51]} {[%emt 00:02:26]} Be7 {[%clk 01:19:00]} {[%emt 00:03:36]}
15. Ng3 {[%clk 01:22:57]} {[%emt 00:04:24]} Ba4 {[%clk 01:13:07]} {[%emt
00:06:23]} 16. Qd2 {[%clk 01:22:08]} {[%emt 00:01:19]} Nb3 {[%clk 01:12:50]}
{[%emt 00:00:47]} 17. Qe3 {[%clk 01:22:01]} {[%emt 00:00:36]} g5 {[%clk
01:10:57]} {[%emt 00:02:24]} 18. Bxg5 {[%clk 01:20:35]} {[%emt 00:01:56]} hxg5
{[%clk 01:10:50]} {[%emt 00:00:36]} 19. Nxg5 {[%clk 01:20:44]} {[%emt
00:00:22]} Bxg5 {[%clk 01:05:24]} {[%emt 00:05:55]} 20. Qxg5 {[%clk 01:20:58]}
{[%emt 00:00:16]} Qe7 {[%clk 01:05:24]} {[%emt 00:00:30]} 21. Qg7 {[%clk
01:20:19]} {[%emt 00:01:09]} O-O-O {[%clk 01:04:20]} {[%emt 00:01:35]} 22. Bh5
{[%clk 01:18:31]} {[%emt 00:02:18]} Rdf8 {[%clk 01:00:19]} {[%emt 00:04:29]}
23. Re3 {[%clk 01:16:40]} {[%emt 00:02:23]} Nd2 {[%clk 00:52:49]} {[%emt
00:07:59]} 24. Rbe1 {[%clk 01:15:16]} {[%emt 00:01:54]} Ne4 {[%clk 00:46:36]}
{[%emt 00:06:43]} 25. Nxe4 {[%clk 01:12:13]} {[%emt 00:03:33]} dxe4 {[%clk
00:46:06]} {[%emt 00:00:59]} 26. Bg4 {[%clk 01:00:35]} {[%emt 00:12:09]} Nd7
{[%clk 00:42:26]} {[%emt 00:04:10]} 27. d5 {[%clk 00:57:03]} {[%emt 00:04:02]}
Rfg8 {[%clk 00:38:54]} {[%emt 00:04:02]} 28. d6 {[%clk 00:56:41]} {[%emt
00:00:53]} Qe8 {[%clk 00:38:52]} {[%emt 00:00:31]} 29. Qxh8 {[%clk 00:56:14]}
{[%emt 00:00:57]} Rxh8 {[%clk 00:39:16]} {[%emt 00:00:06]} 30. Rxe4 {[%clk
00:56:31]} {[%emt 00:00:13]} Nb6 {[%clk 00:34:57]} {[%emt 00:04:50]} 31. Rd4
{[%clk 00:55:37]} {[%emt 00:01:24]} Kb8 {[%clk 00:32:31]} {[%emt 00:02:55]} 32.
Bd1 {[%clk 00:55:31]} {[%emt 00:00:36]} Bxd1 {[%clk 00:32:08]} {[%emt
00:00:53]} 33. Rexd1 {[%clk 00:55:52]} {[%emt 00:00:09]} Qd7 {[%clk 00:31:42]}
{[%emt 00:00:55]} 34. f4 {[%clk 00:55:08]} {[%emt 00:01:15]} Rc8 {[%clk
00:29:47]} {[%emt 00:02:25]} 35. h4 {[%clk 00:54:46]} {[%emt 00:00:53]} Nd5
{[%clk 00:28:12]} {[%emt 00:02:04]} 36. Kf2 {[%clk 00:54:17]} {[%emt 00:00:59]}
f6 {[%clk 00:26:39]} {[%emt 00:02:04]} 37. g3 {[%clk 00:54:06]} {[%emt
00:00:40]} fxe5 {[%clk 00:26:24]} {[%emt 00:00:46]} 38. fxe5 {[%clk 00:54:25]}
{[%emt 00:00:10]} Qf7+ {[%clk 00:25:00]} {[%emt 00:01:54]} 39. Ke2 {[%clk
00:53:57]} {[%emt 00:00:58]} Rf8 {[%clk 00:23:50]} {[%emt 00:01:39]} 40. Rxc4
{[%clk 00:54:03]} {[%emt 00:00:25]} Qf2+ {[%clk 00:19:00]} {[%emt 00:05:19]}
41. Kd3 {[%clk 00:54:20]} {[%emt 00:00:14]} Rf3+ {[%clk 00:19:07]} {[%emt
00:00:23]} 42. Ke4 {[%clk 00:54:39]} {[%emt 00:00:11]} Qe3# {[%emt 00:00:12]}
0-1

[Event "DVM U16w 2024"]
[Site "Neumünster GER"]
[Date "2024.12.28"]
[Round "4"]
[White "Hladeniuk, Yelyzaveta"]
[Black "Yan, Jenny"]
[Result "1-0"]
[Termination "normal"]
[Board "6.3"]
[WhiteElo "1630"]
[BlackElo "1501"]
[WhiteClock "01:08:35"]
[BlackClock "00:51:02"]
[WhiteTeam "SchachAkademiePaderborn"]
[BlackTeam "Hamburger SK 1830"]
[PlyCount "73"]
[WhiteFideId "34176128"]
[BlackFideId "34630376"]
[EventCountry "GER"]
[EventRounds "7"]
[EventType "team-swiss"]
[EventDate "2024.12.26"]

1. d4 {[%clk 01:30:54]} {[%emt 00:00:05]} Nf6 {[%clk 01:30:51]} {[%emt
00:00:10]} 2. c4 {[%clk 01:31:07]} {[%emt 00:00:17]} g6 {[%clk 01:31:09]}
{[%emt 00:00:13]} 3. Nc3 {[%clk 01:31:31]} {[%emt 00:00:06]} Bg7 {[%clk
01:31:27]} {[%emt 00:00:11]} 4. Bg5 {[%clk 01:31:42]} {[%emt 00:00:18]} d6
{[%clk 01:30:51]} {[%emt 00:01:07]} 5. e3 {[%clk 01:31:51]} {[%emt 00:00:21]}
O-O {[%clk 01:29:45]} {[%emt 00:01:37]} 6. h3 {[%clk 01:31:47]} {[%emt
00:00:33]} Nbd7 {[%clk 01:28:47]} {[%emt 00:01:28]} 7. Nf3 {[%clk 01:31:43]}
{[%emt 00:00:34]} Re8 {[%clk 01:27:00]} {[%emt 00:02:17]} 8. Bd3 {[%clk
01:30:58]} {[%emt 00:01:15]} e5 {[%clk 01:25:43]} {[%emt 00:01:48]} 9. dxe5
{[%clk 01:30:18]} {[%emt 00:01:09]} Nxe5 {[%clk 01:24:04]} {[%emt 00:02:10]}
10. Nxe5 {[%clk 01:30:10]} {[%emt 00:00:38]} dxe5 {[%clk 01:24:03]} {[%emt
00:00:31]} 11. O-O {[%clk 01:29:51]} {[%emt 00:00:49]} Be6 {[%clk 01:21:31]}
{[%emt 00:03:02]} 12. Ne4 {[%clk 01:28:56]} {[%emt 00:01:23]} h6 {[%clk
01:19:45]} {[%emt 00:02:17]} 13. Nxf6+ {[%clk 01:28:24]} {[%emt 00:01:02]} Bxf6
{[%clk 01:19:58]} {[%emt 00:00:18]} 14. Bxf6 {[%clk 01:27:40]} {[%emt
00:01:14]} Qxf6 {[%clk 01:20:10]} {[%emt 00:00:17]} 15. c5 {[%clk 01:27:08]}
{[%emt 00:01:03]} Rad8 {[%clk 01:18:56]} {[%emt 00:01:42]} 16. Qe2 {[%clk
01:26:38]} {[%emt 00:00:59]} Qe7 {[%clk 01:16:36]} {[%emt 00:02:52]} 17. b4
{[%clk 01:25:37]} {[%emt 00:01:30]} b6 {[%clk 01:13:24]} {[%emt 00:03:43]} 18.
cxb6 {[%clk 01:21:08]} {[%emt 00:05:00]} axb6 {[%clk 01:13:24]} {[%emt
00:00:30]} 19. Rfc1 {[%clk 01:20:07]} {[%emt 00:01:29]} Qd6 {[%clk 01:10:47]}
{[%emt 00:03:07]} 20. Bb5 {[%clk 01:18:31]} {[%emt 00:02:06]} Re7 {[%clk
01:09:26]} {[%emt 00:01:52]} 21. Rd1 {[%clk 01:18:11]} {[%emt 00:00:49]} Bd5
{[%clk 01:08:26]} {[%emt 00:01:32]} 22. e4 {[%clk 01:17:53]} {[%emt 00:00:47]}
Qxb4 {[%clk 01:08:00]} {[%emt 00:00:57]} 23. Rxd5 {[%clk 01:16:31]} {[%emt
00:01:52]} Rxd5 {[%clk 01:07:58]} {[%emt 00:00:32]} 24. exd5 {[%clk 01:16:20]}
{[%emt 00:00:41]} Qd6 {[%clk 01:06:50]} {[%emt 00:01:37]} 25. Bc6 {[%clk
01:16:20]} {[%emt 00:00:31]} e4 {[%clk 01:05:50]} {[%emt 00:01:30]} 26. Re1
{[%clk 01:15:33]} {[%emt 00:01:14]} f5 {[%clk 01:04:49]} {[%emt 00:01:33]} 27.
f3 {[%clk 01:14:26]} {[%emt 00:01:37]} Kh7 {[%clk 01:03:33]} {[%emt 00:01:46]}
28. fxe4 {[%clk 01:14:33]} {[%emt 00:00:23]} Rxe4 {[%clk 01:02:24]} {[%emt
00:01:39]} 29. Qd2 {[%clk 01:13:54]} {[%emt 00:01:06]} Qc5+ {[%clk 01:01:01]}
{[%emt 00:01:57]} 30. Kh1 {[%clk 01:14:06]} {[%emt 00:00:18]} Rd4 {[%clk
00:59:48]} {[%emt 00:01:42]} 31. Qe2 {[%clk 01:13:03]} {[%emt 00:01:33]} Re4
{[%clk 00:59:38]} {[%emt 00:00:40]} 32. Qd1 {[%clk 01:12:33]} {[%emt 00:00:51]}
Rd4 {[%clk 00:59:25]} {[%emt 00:00:52]} 33. Qf3 {[%clk 01:11:56]} {[%emt
00:01:01]} Qd6 {[%clk 00:58:37]} {[%emt 00:01:24]} 34. Qf1 {[%clk 01:10:25]}
{[%emt 00:01:57]} Rf4 {[%clk 00:56:38]} {[%emt 00:02:33]} 35. Qa6 {[%clk
01:09:44]} {[%emt 00:01:11]} Rd4 {[%clk 00:54:19]} {[%emt 00:02:49]} 36. Qc8
{[%clk 01:08:41]} {[%emt 00:01:31]} Rd2 {[%clk 00:51:02]} {[%emt 00:03:50]} 37.
Qe8 {[%clk 01:08:35]} {[%emt 00:00:33]} 1-0